000 00800nam a2200229Ii 4500
003 JO-AjNU
008 230605s9999||||xx |||||||||||||| ||und||
017 _a2001/5/934
020 _a9957-07-247-1
040 _aJO-AjNU
_bara
_erda
_cJO-AjNU
041 _aara
050 1 4 _aHV 5801.A5738 2001
100 3 _aانشاصي، هناء نزار,
_eauthor
_941839
245 0 0 _aالمخدرات: اسبابها، انتشارها، الوقاية منها
250 _aط1
264 3 1 _aعمان: دار الفكر للطباعة والنشر والتوزيع، 2001
300 _a171ص
_bيحتوي على ببلوغرافية من 169-171ص
336 _atext
_btxt
_2rdacontent
337 _aunmediated
_bn
_2rdamedia
338 _avolume
_bnc
_2rdacarrier
650 4 _aالمخدرات
_941840
999 _aA17870
_c21438
_d21438